|
|
|
|
| LEADER |
01464nam a2200349 4500 |
| 001 |
DLU110116563 |
| 005 |
##20110224 |
| 040 |
# |
# |
|a DLU
|b vie
|
| 041 |
# |
# |
|a vie
|
| 044 |
# |
# |
|a vn
|
| 082 |
# |
# |
|a 621.56
|b Tud
|
| 245 |
# |
# |
|a Tự động điều khiển các quá trình nhiệt - lạnh /
|c Nguyễn Tấn Dũng, ... [và những người khác].
|
| 260 |
# |
# |
|a Tp. HCM :
|b Đại học Quốc gia,
|c 2009.
|
| 300 |
# |
# |
|a 442 tr. :
|b minh hoạ ;
|c 20x28 cm.
|
| 505 |
# |
# |
|a Phần I. Các thiết bị đo lường - tự động điều khiển các quá trình và thiết bị công nghệ nhiệt - điện lạnh -- Phần II. Cơ sở kỹ thuật điện và truyền động điện tự động trong các quá trình và thiết bị công nghệ nhiệt - điện lạnh -- Phần III. Cơ sở khoa học điều khiển tự động quá trình và thiết bị công nghệ nhiệt - điện lạnh -- Phần IV. Điều khiển tự động hoá hệ thống lạnh.
|
| 653 |
# |
# |
|a Kỹ thuật lạnh và máy làm lạnh
|
| 653 |
# |
# |
|a Kỹ thuật nhiệt
|
| 700 |
# |
# |
|a Lê Thanh Phong.
|
| 700 |
# |
# |
|a Nguyễn Tấn Dũng,
|c ThS.
|
| 700 |
# |
# |
|a Trần Hữu Hưng.
|
| 700 |
# |
# |
|a Trịnh Văn Dũng,
|c TS.
|
| 923 |
# |
# |
|a 15/2010
|
| 991 |
# |
# |
|a GT
|
| 992 |
# |
# |
|a 80000
|
| 994 |
# |
# |
|a DLU
|
| 900 |
# |
# |
|a True
|
| 911 |
# |
# |
|a Đào Thị Thu Huyền
|
| 925 |
# |
# |
|a G
|
| 926 |
# |
# |
|a A
|
| 927 |
# |
# |
|a SH
|
| 980 |
# |
# |
|a Thư viện Trường Đại học Đà Lạt
|